| Tag |
First Indicator |
Second Indicator |
Subfields |
| LEADER |
00000cam a2200000 4500 |
| 001 |
in00000336286 |
| 005 |
20151011055057.0 |
| 008 |
700129s1968 okuabk b 00010 eng c |
| 010 |
|
|
|a a 68007779
|
| 035 |
|
|
|a (OCoLC)00052987
|
| 035 |
|
|
|9 ABM2110AM
|
| 040 |
|
|
|a Oklahoma Dept. of Libraries
|c DLC
|d TXA
|d UtOrBLW
|
| 049 |
|
|
|a TXAM
|c [1377004]
|
| 050 |
0 |
0 |
|a TD795
|b .I9
|
| 082 |
0 |
|
|a 628/.54
|
| 100 |
1 |
|
|a Ives, Robert E.
|
| 245 |
1 |
0 |
|a Subsurface disposal of industrial wastes ;
|b a study conducted by Research Committee, Interstate Oil Compact Commission /
|c [By Robert E. Ives and Gerald E. Eddy].
|
| 264 |
|
1 |
|a Oklahoma City :
|b Interstate Oil Compact Commission,
|c 1968.
|
| 300 |
|
|
|a i, 109 pages :
|b illustrations, forms, maps. ;
|c 28 cm.
|
| 336 |
|
|
|a text
|b txt
|2 rdacontent
|
| 337 |
|
|
|a unmediated
|b n
|2 rdamedia
|
| 338 |
|
|
|a volume
|b nc
|2 rdacarrier
|
| 504 |
|
|
|a Includes bibliographies.
|
| 650 |
|
0 |
|a Waste disposal in the ground.
|
| 700 |
1 |
|
|a Eddy, Gerald E.
|q (Gerald Ernest),
|d 1907-1977.
|
| 710 |
2 |
|
|a Interstate Oil Compact Commission.
|b Research Committee.
|
| 999 |
|
|
|a MARS
|
| 999 |
f |
f |
|s a746ce5a-1b9d-3f74-9174-cbcfd2154566
|i 06dae062-8c06-303e-bf37-441ab3c988d7
|t 0
|
| 952 |
f |
f |
|p ric
|a Texas A&M University
|b Rellis Campus
|c Joint Library Facility
|d Remote Storage
|t 0
|e TD795 .I9
|h Library of Congress classification
|i unmediated -- volume
|m A14805368125
|
| 998 |
f |
f |
|a TD795 .I9
|t 0
|l Remote Storage
|